Ďalšie zvýšenie minimálnych mzdových taríf
Objasnenie dôvodov, prečo v roku 2000 dochádza už k druhému zvýšeniu minimálnej mzdy a minimálnych mzdových taríf. Princípy valorizácie minimálnej mzdy. Minimálne mzdové tarify. Tabuľka sadzieb minimálnych mzdových taríf. Minimálne sadzby mzdových zvýhodnení. Minimálna odmena za pracovnú pohotovosť....
Gespeichert in:
| 1. Verfasser: | |
|---|---|
| Format: | Buchkapitel |
| Sprache: | Slowakisch |
| Schlagworte: | |
| Tags: |
Keine Tags, Fügen Sie das erste Tag hinzu!
|
MARC
| LEADER | 00000naa a2200000 4500 | ||
|---|---|---|---|
| 001 | r039879 | ||
| 005 | 20230926083410.1 | ||
| 041 | 0 | |a slo | |
| 044 | |a SK | ||
| 245 | 1 | 0 | |a Ďalšie zvýšenie minimálnych mzdových taríf |c Miroslav Mačuha |
| 520 | |a Objasnenie dôvodov, prečo v roku 2000 dochádza už k druhému zvýšeniu minimálnej mzdy a minimálnych mzdových taríf. Princípy valorizácie minimálnej mzdy. Minimálne mzdové tarify. Tabuľka sadzieb minimálnych mzdových taríf. Minimálne sadzby mzdových zvýhodnení. Minimálna odmena za pracovnú pohotovosť. Minimálny priemerný zárobok. Prehľad o zvyšovaní mzdových taríf. | ||
| 610 | 2 | 0 | |a tarify mzdové |
| 610 | 2 | 0 | |a novelizácia |
| 610 | 2 | 0 | |a valorizácia |
| 610 | 2 | 0 | |a mzdy minimálne |
| 610 | 2 | 0 | |a sadzby tarifné mzdové |
| 610 | 2 | 0 | |a zvýhodnenie mzdové |
| 610 | 2 | 0 | |a zárobky priemerné |
| 610 | 2 | 0 | |a október |
| 610 | 2 | 0 | |a 2000 |
| 100 | 1 | |a Mačuha, Miroslav | |